Music Quiz

Random Music or Lyrics Quiz
Score 0/257 Timer 05:00
0 Plays Today
Answer % Correct
save
94.9%
today,
94.9%
save,
94.9%
save
94.9%
today,
94.9%
save,
94.9%
save
94.9%
today,
94.9%
save,
94.9%
save
94.9%
today,
94.9%
save,
94.9%
the
93.6%
and
93.6%
the
93.6%
the
93.6%
And
93.6%
the
93.6%
the
93.6%
A
93.6%
and
93.6%
The
93.6%
the
93.6%
And
93.6%
the
93.6%
the
93.6%
the
93.6%
And
93.6%
the
93.6%
the
93.6%
the
93.6%
And
93.6%
the
93.6%
the
93.6%
you
91%
you
91%
you
91%
you
91%
you
91%
you
91%
you
91%
you
91%
you
91%
you
91%
you
91%
you
91%
you
91%
you
91%
you
91%
you
91%
So
88.5%
for.
88.5%
so
88.5%
So
88.5%
for,
88.5%
So
88.5%
for.
88.5%
so
88.5%
So
88.5%
for.
88.5%
So
88.5%
for.
88.5%
so
88.5%
So
88.5%
for.
88.5%
So
88.5%
for.
88.5%
so
88.5%
So
88.5%
for.
88.5%
that
87.2%
that
87.2%
that
87.2%
that
87.2%
that
87.2%
That
87.2%
that
87.2%
that
87.2%
that
87.2%
that
87.2%
that
87.2%
that
87.2%
it
85.9%
it
85.9%
I'll
85.9%
on
85.9%
Answer % Correct
It
85.9%
I'll
85.9%
it
85.9%
I'll
85.9%
on
85.9%
it
85.9%
I'll
85.9%
on
85.9%
it
85.9%
I'll
85.9%
on
85.9%
secrets
84.6%
we
84.6%
secrets
84.6%
see
84.6%
other
84.6%
side.
84.6%
secrets
84.6%
we
84.6%
secrets
84.6%
see
84.6%
other
84.6%
side.
84.6%
secrets
84.6%
we
84.6%
secrets
84.6%
see
84.6%
other
84.6%
side.
84.6%
secrets
84.6%
we
84.6%
secrets
84.6%
see
84.6%
other
84.6%
side.
84.6%
cause
83.3%
Cause
83.3%
cause
83.3%
cause
83.3%
cause
83.3%
deserve
80.8%
deserve
80.8%
deserve
80.8%
deserve
80.8%
wait,
79.5%
much
79.5%
more.
79.5%
wait,
79.5%
much
79.5%
more.
79.5%
wait,
79.5%
much
79.5%
more.
79.5%
wait,
79.5%
much
79.5%
more.
79.5%
prayed
78.2%
prayed
78.2%
prayed
78.2%
prayed
78.2%
prayed
78.2%
prayed
78.2%
prayed
78.2%
prayed
78.2%
not
76.9%
I
76.9%
I
76.9%
I
76.9%
I
76.9%
I
76.9%
I
76.9%
I
76.9%
I
76.9%
I
76.9%
I
76.9%
I
76.9%
I
76.9%
Have
75.6%
have
75.6%
me
75.6%
me
75.6%
me
75.6%
me
75.6%
me
75.6%
me
75.6%
young.
74.4%
Answer % Correct
right?
74.4%
from
74.4%
my
74.4%
right?
74.4%
right?
74.4%
in
74.4%
right?
74.4%
fortune
73.1%
favors
73.1%
songs
73.1%
unsung,
73.1%
never
71.8%
what
71.8%
this
71.8%
this
71.8%
this
71.8%
never
71.8%
Well
70.5%
mistakes
70.5%
words
69.2%
don't
69.2%
takes,
69.2%
I've
69.2%
I've
69.2%
I'm
67.9%
Spoken
66.7%
wish
66.7%
was
66.7%
awake
66.7%
awake.
66.7%
love
66.7%
wish
66.7%
was
66.7%
Awake,
66.7%
Awake,
66.7%
Awake,
66.7%
guess
65.4%
All
65.4%
one
65.4%
All
65.4%
could
64.1%
away.
64.1%
time
64.1%
did
64.1%
time
64.1%
walk
62.8%
lost,
62.8%
numb,
62.8%
dream
62.8%
wide
62.8%
forsake,
62.8%
lost,
62.8%
feel
61.5%
become.
61.5%
keeps
61.5%
leaves
61.5%
can
61.5%
can
61.5%
can
61.5%
can
61.5%
now.
60.3%
now.
60.3%
now.
60.3%
now.
59.7%
cost
59%
soul
59%
safe
59%
learned
57.7%
strong,
57.7%
tortured
57.7%
Say
57.7%
help
57.7%
Say
57.7%
help
57.7%
Say
57.7%
help
57.7%
Say
57.7%
help
57.7%
repaid.
56.4%
wrong.
56.4%
again.
55.1%
again,
55.1%
come
51.3%
find
47.4%
you'll
39.7%
Come Together.
Have Fun.
All Virtual.
We all need to come together. Play Sporcle's virtual live trivia to have fun, connect with people, and get your trivia on. Join a live hosted trivia game for your favorite pub trivia experience done virtually. If a virtual private party is more your thing, go here for details.

You're not logged in!

Compare scores with friends on all Sporcle quizzes.
OR
Log In

Sporcle TV

Today on Sporcle TV


Watch our educational content, quiz creation guides, and fun videos on Sporcle TV.

Show Comments

Extras

Top Quizzes Today


Score Distribution

Paid Content

Your Account Isn't Verified!

In order to create a playlist on Sporcle, you need to verify the email address you used during registration. Go to your Sporcle Settings to finish the process.

Report this User

Report this user for behavior that violates our Community Guidelines.

Details: